La cooperación económica multilateral en América Latina
محفوظ في:
| مؤلف مشترك: | |
|---|---|
| التنسيق: | كتاب |
| اللغة: | الإسبانية |
| منشور في: |
Ciudad de México
Naciones Unidas
1961
|
| الموضوعات: | |
| الوسوم: |
إضافة وسم
لا توجد وسوم, كن أول من يضع وسما على هذه التسجيلة!
|
MARC
| LEADER | 00000nam a2200000 a 4500 | ||
|---|---|---|---|
| 001 | UCT7773 | ||
| 003 | CL-VaPUC | ||
| 008 | 970317e19610000MX |||||||||||||||||spa|d | ||
| 082 | 0 | 4 | |a 338.9 |b NAC |2 21 |
| 110 | 2 | |a Naciones Unidas |e author |9 378885 | |
| 245 | 1 | 3 | |a La cooperación económica multilateral en América Latina |
| 300 | |a v | ||
| 942 | |c BK | ||
| 945 | |d 19970317 00:00:00 |a nastorga | ||
| 260 | |a Ciudad de México |b Naciones Unidas |c 1961 | ||
| 500 | |a v.1: Textos y documentos | ||
| 650 | 0 | |a COOPERACION ECONOMICA |9 307939 | |
| 650 | 0 | |a Cooperación internacional |9 255447 | |
| 650 | 0 | |a Integración económica |9 255024 | |
| 650 | 7 | |a CONVENIOS |2 CL-VaPUC |9 378886 | |
| 650 | 0 | |a Importación |9 378887 | |
| 650 | 0 | |a Aranceles aduaneros |9 317344 | |
| 650 | 0 | |a Comercio |9 255341 | |
| 650 | 0 | |a Mercado |9 321497 | |
| 650 | 7 | |a CREDITOS |2 CL-VaPUC |9 378888 | |
| 650 | 7 | |a PAGOS |2 CL-VaPUC |9 378742 | |
| 651 | 0 | |a América Latina |9 255027 | |
| 583 | |a last modification |c 19970317 00:00:00 |k Rodrigo Vera | ||
| 999 | |c 256320 |d 256318 | ||
| 952 | |0 0 |1 0 |4 0 |6 338_900000000000000_NAC_1961 |7 0 |8 A |9 278990 |a BIBDER |b BIBDER |d 2019-11-19 |h v.1 |i 1810774 |o 338.9 NAC 1961 |p 1810774 |r 2023-01-25 |w 2019-11-19 |y BK |k DER | ||